[Event "Moscow Dvoretsky Memorial Rapid"]
[Site "Moscow"]
[Date "2025.01.13"]
[Round "7.3"]
[White "Shogdzhiev, Roman Sav"]
[Black "Potkin, Vladimir"]
[Result "1/2-1/2"]
[WhiteElo "2348"]
[BlackElo "2555"]
[PlyCount "97"]
[EventDate "2025.01.12"]
[EventType "team-match (rapid)"]
[EventRounds "8"]
[EventCountry "RUS"]
[SourceTitle "CB04_2025"]
[SourceDate "2025.01.22"]
[SourceVersion "1"]
[SourceVersionDate "2025.01.22"]
[SourceQuality "1"]
[WhiteTeam "Youth"]
[BlackTeam "Experience"]
[WhiteTeamCountry "RUS"]
[BlackTeamCountry "RUS"]

1. e4 e5 2. Nf3 Nc6 3. Bc4 Nf6 4. d3 Be7 5. 0-0 0-0 6. Nc3 d6 7. a4 a5 8. h3 Be6 9. Nd5 Bxd5 10. exd5 Nb4 11. d4 e4 12. Nd2 c6 13. dxc6 bxc6 14. c3 d5 15. cxb4 dxc4 16. Nxc4 Bxb4 17. Be3 Nd5 18. Ne5 Rc8 19. Rc1 Qd6 20. Bd2 c5 21. Nc4 Qg6 22. dxc5 Rxc5 23. Bxb4 Nf4 24. Qg4 Qxg4 25. hxg4 Ne2+ 26. Kh2 axb4 27. Rce1 Rxc4 28. Rxe2 b3 29. Ra1 Ra8 30. a5 g6 31. Re3 Rb4 32. g5 Ra6 33. Kg3 Rb5 34. Kg4 Raxa5 35. Rxa5 Rxa5 36. Rxe4 Rc5 37. Re2 Rc2 38. Kf3 Rc5 39. Kf4 Kg7 40. f3 Rf5+ 41. Kg4 Rc5 42. f4 h6 43. gxh6+ Kxh6 44. Re3 Rc2 45. Rxb3 Rxg2+ 46. Kf3 Rc2 47. Rb7 f5 48. Rb6 Rc4 49. Rb8 1/2-1/2

[Event "Moscow New Year Blitz"]
[Site "Moscow"]
[Date "2024.12.15"]
[Round "9"]
[White "Potkin, Vladimir"]
[Black "Tsvetkov, Andrey1"]
[Result "1-0"]
[WhiteElo "2555"]
[BlackElo "2422"]
[PlyCount "87"]
[EventDate "2024.12.15"]
[EventType "tourn (blitz)"]
[EventRounds "15"]
[EventCountry "RUS"]
[EventCategory "13"]
[SourceTitle "CB52_2024"]
[SourceDate "2024.12.25"]
[SourceVersion "1"]
[SourceVersionDate "2024.12.25"]
[SourceQuality "1"]

1. d4 Nf6 2. c4 e6 3. Nf3 d5 4. g3 dxc4 5. Bg2 Bb4+ 6. Bd2 a5 7. a3 Bxd2+ 8. Qxd2 0-0 9. Ne5 Ra6 10. Nxc4 Nc6 11. e3 b5 12. Ne5 Nxe5 13. dxe5 Ng4 14. f4 f6 15. h3 Nh6 16. Qxd8 Rxd8 17. exf6 gxf6 18. g4 Rad6 19. 0-0 Ba6 20. b4 Rd3 21. Kf2 Rb3 22. bxa5 c5 23. Ra2 c4 24. Nd2 Rbd3 25. Ne4 Kf7 26. Nc5 R3d6 27. Rb1 Rb8 28. Be4 f5 29. Bf3 Ng8 30. g5 Ne7 31. Rab2 c3 32. Rc2 Nd5 33. Bxd5 exd5 34. Rxc3 Rc8 35. Rbc1 Rdc6 36. Ke1 Re8 37. Kd2 Ke7 38. Nd3 Rc4 39. Ne5 Ra4 40. Rc7+ Kf8 41. Rf7+ Kg8 42. Rcc7 d4 43. Rg7+ Kh8 44. Rxh7+ 1-0

[Event "Asia-chT rapid"]
[Site "Hong Kong"]
[Date "2024.08.24"]
[Round "9.2"]
[White "Laohawirapap, Prin"]
[Black "Potkin, Vladimir"]
[Result "1/2-1/2"]
[WhiteElo "2380"]
[BlackElo "2555"]
[PlyCount "64"]
[EventDate "2024.08.22"]
[EventType "team-swiss (rapid)"]
[EventRounds "11"]
[EventCountry "HKG"]
[SourceTitle "CBM 221 Extra"]
[Source "ChessBase"]
[SourceDate "2024.09.30"]
[SourceVersion "1"]
[SourceVersionDate "2024.09.30"]
[SourceQuality "1"]
[WhiteTeam "The Red Pseudodragon"]
[BlackTeam "The Formula of Chess"]
[WhiteTeamCountry "PHI"]
[BlackTeamCountry "RUS"]

1. e4 e5 2. Nf3 Nc6 3. Bc4 Nf6 4. d3 Be7 5. 0-0 0-0 6. Nc3 d6 7. a4 a5 8. h3 h6 9. Be3 Re8 10. Re1 Bf8 11. Qd2 Be6 12. Bxe6 Rxe6 13. d4 exd4 14. Nxd4 Re8 15. Bf4 d5 16. exd5 Rxe1+ 17. Rxe1 Nxd5 18. Nxd5 Qxd5 19. Nb5 Qxd2 20. Bxd2 Nb4 21. Nxc7 Rc8 22. Nb5 Rxc2 23. Bc3 Bc5 24. Nd4 Bxd4 25. Re8+ Kh7 26. Bxd4 Rc1+ 27. Kh2 Rc4 28. Bc3 Nd5 29. Bxa5 Rxa4 30. Bc3 Nxc3 31. bxc3 Rc4 32. Rb8 Rxc3 1/2-1/2

[Event "Moscow Dvoretsky Memorial Blitz"]
[Site "Moscow"]
[Date "2023.12.09"]
[Round "8"]
[White "Potkin, Vladimir"]
[Black "Nepomniachtchi, Ian"]
[Result "0-1"]
[WhiteElo "2555"]
[BlackElo "2771"]
[PlyCount "242"]
[EventDate "2023.12.09"]
[EventType "tourn (blitz)"]
[EventRounds "11"]
[EventCountry "RUS"]
[EventCategory "15"]
[SourceTitle "CBM 217 Extra"]
[Source "ChessBase"]
[SourceDate "2024.01.31"]
[SourceVersion "1"]
[SourceVersionDate "2024.01.31"]
[SourceQuality "1"]

1. Nf3 c5 2. c4 g6 3. d4 cxd4 4. Nxd4 Bg7 5. e4 Qb6 6. Nb3 Nc6 7. Be2 d6 8. 0-0 Be6 9. Be3 Qc7 10. Qd2 Nf6 11. Nc3 Ne5 12. Rac1 0-0 13. Nd5 Bxd5 14. exd5 Rfc8 15. Rfe1 a6 16. h3 Qd8 17. Qb4 b5 18. cxb5 Nxd5 19. Qd2 Nxe3 20. Qxe3 axb5 21. Bxb5 Rxa2 22. Rxc8 Qxc8 23. f4 Rxb2 24. fxe5 Bxe5 25. Bf1 Qc3 26. Qxc3 Bxc3 27. Rxe7 Rxb3 28. Rxf7 Bd4+ 29. Kh1 Rxh3+ 30. gxh3 Kxf7 31. Bc4+ Kf6 32. Kg2 Kg5 33. Bg8 h6 34. Bf7 Kf6 35. Bd5 Kf5 36. Kf3 g5 37. Bf7 Bb2 38. Ke3 Bc1+ 39. Kf3 Bf4 40. Bg8 h5 41. Bf7 g4+ 42. hxg4+ hxg4+ 43. Ke2 Ke5 44. Bh5 Kf5 45. Be8 Bg5 46. Bc6 Ke5 47. Kd3 Bf6 48. Bd7 Kf4 49. Bc6 Bd8 50. Ke2 Bb6 51. Bb7 Kf5 52. Kd3 Ke5 53. Kc4 Kf4 54. Kd3 Kg3 55. Ke2 Bc5 56. Bc6 Kf4 57. Kd3 Kg3 58. Ke2 Kh2 59. Kf1 Kh3 60. Bb7 Bb6 61. Bc6 Kh4 62. Bb7 Kg3 63. Ke2 Kf4 64. Kd3 Ke5 65. Kc4 Ba7 66. Ba8 Kf4 67. Kd3 Kg3 68. Ke2 Kh3 69. Kf1 Bc5 70. Bb7 Kh4 71. Bc6 g3 72. Bg2 Kg4 73. Ke2 Kf4 74. Kd3 Ba7 75. Bh1 Bb6 76. Bg2 Bg1 77. Bh1 Kf5 78. Bg2 Kg4 79. Ke2 Bb6 80. Kd3 Bc5 81. Ke2 Kf5 82. Kd3 Kf4 83. Ke2 Ke5 84. Kd3 d5 85. Bh1 Bf2 86. Bg2 d4 87. Ke2 Kf4 88. Kd3 Ke5 89. Ke2 Kd6 90. Kd3 Kc5 91. Be4 Kb4 92. Bg2 Be3 93. Kc2 Bg5 94. Kd3 Bf6 95. Kc2 Kc4 96. Bf1+ Kd5 97. Bg2+ Ke5 98. Kd3 Bg5 99. Bf1 Be3 100. Bg2 Kf5 101. Ke2 Ke6 102. Kd3 Kd6 103. Kc4 Kc7 104. Kd3 Kb6 105. Kc4 Ka5 106. Bc6 Bf2 107. Bf3 Ka4 108. Kd3 Kb3 109. Kd2 Be3+ 110. Kd3 Kb2 111. Be4 Kc1 112. Ke2 Bf2 113. Bg2 Kc2 114. Be4+ Kc3 115. Kd1 d3 116. Bg2 Be3 117. Bf3 Kd4 118. Bg2 Bf4 119. Ke1 Ke3 120. Bc6 d2+ 121. Kd1 Kf2 0-1

[Event "Moscow Dvoretsky Memorial Blitz"]
[Site "Moscow"]
[Date "2023.12.09"]
[Round "6"]
[White "Potkin, Vladimir"]
[Black "Zakhartsov, Vladimir"]
[Result "1-0"]
[WhiteElo "2555"]
[BlackElo "2509"]
[PlyCount "85"]
[EventDate "2023.12.09"]
[EventType "tourn (blitz)"]
[EventRounds "11"]
[EventCountry "RUS"]
[EventCategory "15"]
[SourceTitle "CBM 217 Extra"]
[Source "ChessBase"]
[SourceDate "2024.01.31"]
[SourceVersion "1"]
[SourceVersionDate "2024.01.31"]
[SourceQuality "1"]

1. Nf3 c5 2. c4 Nc6 3. Nc3 Nf6 4. e3 e6 5. d4 d5 6. cxd5 exd5 7. Bb5 Bd6 8. dxc5 Bxc5 9. 0-0 0-0 10. b3 d4 11. Na4 Bd6 12. Bxc6 bxc6 13. Qxd4 Bg4 14. Bb2 Qc7 15. h3 Bxf3 16. gxf3 Rad8 17. Qh4 Be5 18. Rfd1 Bxb2 19. Nxb2 Rd5 20. Rxd5 cxd5 21. Nd3 d4 22. Qxd4 Rd8 23. Rc1 Qe7 24. Qe5 Qa3 25. Rc2 h6 26. Nf4 Qa6 27. Kg2 Rd1 28. Ne2 Qd3 29. Qc3 Qb5 30. Qc4 Qa5 31. b4 Qe5 32. Ng3 Qa1 33. Qc8+ Kh7 34. Qf5+ g6 35. Qf4 Kg7 36. e4 Qb1 37. Rc6 Qa1 38. Rc7 Qxa2 39. e5 Ne8 40. Re7 Rd8 41. e6 Nd6 42. Rxf7+ Kg8 43. Qf6 1-0

[Event "AI Cup Play In"]
[Site "Chess.com INT"]
[Date "2023.09.18"]
[Round "8"]
[White "Potkin, Vladimir"]
[Black "Henriquez Villagra, Cristobal"]
[Result "1-0"]
[WhiteElo "2564"]
[BlackElo "2630"]
[PlyCount "61"]
[EventDate "2023.09.18"]
[EventType "swiss (rapid)"]
[EventRounds "9"]
[EventCountry "USA"]
[SourceTitle "CBM 216 Extra"]
[Source "ChessBase"]
[SourceDate "2023.11.30"]
[SourceVersion "1"]
[SourceVersionDate "2023.11.30"]
[SourceQuality "1"]

1. c4 d6 2. d4 e5 3. Nf3 e4 4. Ng5 f5 5. Nc3 Be7 6. h4 Nf6 7. e3 c6 8. d5 h6 9. Nh3 Nbd7 10. Nf4 Ne5 11. Be2 0-0 12. b3 Re8 13. Bb2 Bf8 14. h5 a6 15. Kf1 Rb8 16. g3 Nh7 17. Ng6 Nxg6 18. hxg6 Ng5 19. Kg2 c5 20. a4 Be7 21. a5 Bf6 22. Qd2 Bd7 23. Na4 Bxb2 24. Nxb2 Qf6 25. Na4 Re7 26. Nb6 Qxg6 27. b4 cxb4 28. Qxb4 Rf8 29. c5 dxc5 30. Qxc5 Ref7 31. Bh5 1-0

[Event "Titled Tuesday intern op 16th May Early"]
[Site "Chess.com INT"]
[Date "2023.05.16"]
[Round "11"]
[White "Molina, Roberto Junio Brito"]
[Black "Potkin, Vladimir"]
[Result "0-1"]
[WhiteElo "2403"]
[BlackElo "2574"]
[PlyCount "70"]
[EventDate "2023.05.16"]
[EventType "swiss (blitz)"]
[EventRounds "11"]
[EventCountry "USA"]
[SourceTitle "CBM 214 Extra"]
[Source "ChessBase"]
[SourceDate "2023.07.31"]
[SourceVersion "1"]
[SourceVersionDate "2023.07.31"]
[SourceQuality "1"]

1. d4 Nf6 2. c4 e6 3. Nf3 d5 4. Nc3 Bb4 5. Qa4+ Nc6 6. Bg5 h6 7. Bxf6 Qxf6 8. e3 0-0 9. Rc1 Rd8 10. Qc2 dxc4 11. Bxc4 Bd7 12. 0-0 Rac8 13. Ne4 Qe7 14. a3 Bd6 15. b4 a5 16. b5 Nb8 17. a4 Be8 18. Rfd1 Nd7 19. Bb3 Nb6 20. Nc5 c6 21. bxc6 Bxc6 22. Ne5 Bxe5 23. dxe5 Rxd1+ 24. Rxd1 Bxa4 25. Bxa4 Nxa4 26. Qxa4 Qxc5 27. Qd7 b5 28. h4 a4 29. Qb7 a3 30. Ra1 b4 31. g3 h5 32. Qa6 g6 33. Rb1 Kg7 34. Kh2 Qc2 35. Ra1 Qxf2+ 0-1

[Event "RUS-chT 30th"]
[Site "Sochi"]
[Date "2023.05.05"]
[Round "5.3"]
[White "Potkin, Vladimir"]
[Black "Uskov, Artem"]
[Result "1/2-1/2"]
[WhiteElo "2574"]
[BlackElo "2367"]
[PlyCount "50"]
[EventDate "2023.05.01"]
[EventType "team-tourn"]
[EventRounds "9"]
[EventCountry "RUS"]
[SourceTitle "CBM 214 Extra"]
[Source "ChessBase"]
[SourceDate "2023.07.31"]
[SourceVersion "1"]
[SourceVersionDate "2023.07.31"]
[SourceQuality "1"]
[WhiteTeam "Moscow KPRF"]
[BlackTeam "Moscow Botvinnik School"]
[WhiteTeamCountry "RUS"]
[BlackTeamCountry "RUS"]

1. Nf3 Nf6 2. c4 e6 3. Nc3 d5 4. e3 b6 5. cxd5 exd5 6. g3 Bb7 7. Bg2 Bd6 8. 0-0 0-0 9. b3 Re8 10. Bb2 Nbd7 11. a4 c6 12. Qc2 Rc8 13. d4 Qc7 14. Rfd1 Rcd8 15. Ba3 Bxa3 16. Rxa3 Qd6 17. Raa1 a5 18. Nd2 h6 19. Qb2 Nb8 20. e4 dxe4 21. Ndxe4 Nxe4 22. Nxe4 Qg6 23. Nd2 Qf6 24. Nc4 Ba6 25. Rd2 Re7 1/2-1/2